书目信息 |
| 题名: |
泰国最好玩
|
|
| 作者: | 何林夏 编著 | |
| 分册: | ||
| 出版信息: | 桂林 广西师范大学出版社 2013.08 |
|
| 页数: | 173页 | |
| 开本: | 21cm | |
| 丛书名: | ||
| 单 册: | ||
| 中图分类: | K933.69 | |
| 科图分类: | ||
| 主题词: | 旅游指南 , 旅游指南--泰国 | |
| 电子资源: | ||
| ISBN: | 978-7-5495-3976-5 | |
| 000 | 00965nam0 2200301 450 | |
| 001 | 0100140471 | |
| 005 | 20141020221204.0 | |
| 010 | @a978-7-5495-3976-5@dCNY35.00 | |
| 100 | @a20131216d2013 em y0chiy50 ea | |
| 101 | 0 | @achi |
| 101 | 11 | @achi |
| 102 | @aCN@b450000 | |
| 105 | @aa z 001yy | |
| 106 | @ar | |
| 200 | 1 | @a泰国最好玩@Atai guo zui hao wan@9tai guo zui hao wan@b专著@f何林夏编著@Fhe lin xia bian zhu |
| 210 | @a桂林@c广西师范大学出版社@d2013.08 | |
| 215 | @a173页@c彩照@d21cm | |
| 300 | @a考拉旅行 WZ020 玩转系列 2014-2015最新全彩版 | |
| 314 | @a封面题:《玩转世界》编辑部编著 | |
| 330 | @a本书内容涵盖曼谷、清迈、苏梅岛、普吉岛等地区的180个旅游景点,详细介绍了签证、货币兑换、住宿、当地交通等实用旅游信息。 | |
| 540 | @a泰国最好玩 | |
| 606 | 0 | @a旅游指南 |
| 606 | 0 | @a旅游指南@y泰国 |
| 690 | @aK933.69@v5 | |
| 701 | 0 | @a何林夏@Ahe lin xia@4编著 |
| 801 | @aCN | |
| 901 | @a001 | |
| 905 | @b1103191-3@dK933.69@eH187@f3@a241430 | |
| 泰国最好玩/何林夏编著.-桂林:广西师范大学出版社,2013.08 |
| 173页:彩照;21cm |
| 考拉旅行 WZ020 玩转系列 2014-2015最新全彩版 |
| ISBN 978-7-5495-3976-5:CNY35.00 |
| 本书内容涵盖曼谷、清迈、苏梅岛、普吉岛等地区的180个旅游景点,详细介绍了签证、货币兑换、住宿、当地交通等实用旅游信息。 |
| ● |
| 相关链接 |
|
|
|
正题名:泰国最好玩
索取号:K933.69/H187
 
预约/预借
| 序号 | 登录号 | 条形码 | 馆藏地/架位号 | 状态 | 备注 |
| 1 | 1103191 | 211031916 | 社科库309/309社科库 26排2列2层/ [索取号:K933.69/H187] | 在馆 | |
| 2 | 1103192 | 211031925 | 社科库309/309社科库 26排2列2层/ [索取号:K933.69/H187] | 在馆 | |
| 3 | 1103193 | 211031934 | 社科库309/309社科库 26排2列2层/ [索取号:K933.69/H187] | 在馆 |